Jahrbücher für Nationalökonomie und Statistik

Enregistré dans:
Détails bibliographiques
Format: Publication en série
Langue:allemand
Publié: Stuttgart Fischer 1988
Tags: Ajouter un tag
Pas de tags, Soyez le premier à ajouter un tag!

MARC

LEADER 00000nas2a2200000 4500
001 s041246
005 20250730114153.2
041 0 |a ger 
044 |a DE 
245 1 0 |a Jahrbücher für Nationalökonomie und Statistik 
264 1 |a Stuttgart  |b Fischer  |c 1988 
773 0 |w eu_un_cat*s120811